Schweizer Kantone - Wähle das Wappen - Statistiken

Allgemein
  • Dieses Quiz wurde 445 mal gespielt
  • Das Durchschnittsergebnis liegt bei 16 aus 26
Antworten auf der Karte
Die Antworten werden auf der Karte rot bzw. grün angezeigt, abhängig davon wie oft sie richtig erraten wurden.
 
Antwortstatistiken
Antwort % Korrekt
77%
73%
70%
69%
69%
68%
67%
66%
63%
63%
63%
62%
62%
62%
62%
61%
58%
58%
55%
55%
54%
51%
47%
43%
37%
35%
Keine übereinstimmenden Quizze gefunden
Verteilung der Resultate
Anzahl Personen mit jedem Resultat
Perzentil nach korrekt beantworteten Fragen
Ihre Resultats-Entwicklung
Sie haben dieses Quiz noch nicht gespielt